[Event "Trois-Rivieres op"]
[Site "Trois Rivieres"]
[Date "2018.03.17"]
[Round "2.1"]
[White "Mikhalevski, Victor"]
[Black "Poulin, Mathieu"]
[Result "1-0"]
[WhiteElo "2557"]
[BlackElo "2246"]
[PlyCount "51"]
[EventDate "2018.03.16"]
[EventType "swiss"]
[EventRounds "5"]
[EventCountry "CAN"]
[SourceTitle "EXT 2022"]
[Source "ChessBase"]
[SourceDate "2021.10.06"]
[SourceVersion "1"]
[SourceVersionDate "2021.10.06"]
[SourceQuality "1"]

1. c4 Nf6 2. Nf3 e6 3. g3 d5 4. Bg2 Be7 5. 0-0 0-0 6. b3 c5 7. e3 Nc6 8. Bb2 Re8 9. d4 b6 10. Nc3 Bb7 11. cxd5 exd5 12. Ne5 Bf8 13. Nxd5 Nxd5 14. Nxf7 Kxf7 15. Qh5+ Kg8 16. Bxd5+ Kh8 17. Qf7 Be7 18. dxc5 Bf6 19. Bxf6 gxf6 20. cxb6 Ne5 21. Qxb7 Rb8 22. Qa6 Qxd5 23. bxa7 Nf3+ 24. Kh1 Rbd8 25. Rad1 Ne1+ 26. Rxd5 1-0

[Event "Trois-Rivieres op"]
[Site "Trois Rivieres"]
[Date "2018.03.16"]
[Round "1.14"]
[White "Poulin, Mathieu"]
[Black "Bernatchez, Dan"]
[Result "1-0"]
[WhiteElo "2246"]
[BlackElo "1905"]
[PlyCount "29"]
[EventDate "2018.03.16"]
[EventType "swiss"]
[EventRounds "5"]
[EventCountry "CAN"]
[SourceTitle "EXT 2022"]
[Source "ChessBase"]
[SourceDate "2021.10.06"]
[SourceVersion "1"]
[SourceVersionDate "2021.10.06"]
[SourceQuality "1"]

1. d4 Nf6 2. c4 e6 3. Nc3 Bb4 4. e3 b6 5. Bd3 Bb7 6. f3 d5 7. Nge2 0-0 8. 0-0 Be7 9. e4 c5 10. cxd5 exd5 11. e5 Nfd7 12. f4 f5 13. Kh1 cxd4 14. Nxd4 Nc5 15. Bxf5 1-0

[Event "Francophone-ch 3rd"]
[Site "Montreal"]
[Date "2015.07.23"]
[Round "7"]
[White "Ming, Wenyang"]
[Black "Poulin, Mathieu"]
[Result "0-1"]
[WhiteElo "1834"]
[BlackElo "2005"]
[PlyCount "64"]
[EventDate "2015.07.17"]
[EventType "swiss"]
[EventRounds "9"]
[EventCountry "CAN"]
[SourceTitle "EXT 2016"]
[Source "ChessBase"]
[SourceDate "2015.10.08"]
[SourceVersion "1"]
[SourceVersionDate "2015.10.08"]
[SourceQuality "1"]

1. e4 c6 2. d4 d5 3. exd5 cxd5 4. Bd3 Nf6 5. c3 Nc6 6. h3 e6 7. Bf4 Bd6 8. Bxd6 Qxd6 9. Nf3 0-0 10. 0-0 Rb8 11. Qe2 Bd7 12. Nbd2 Rfc8 13. Ne5 Ne7 14. f4 Nf5 15. Kh2 Qc7 16. g4 Nd6 17. h4 Bc6 18. g5 Nfe4 19. Rfe1 Nxd2 20. Qxd2 Bb5 21. Bc2 Nf5 22. Bxf5 exf5 23. Re3 f6 24. gxf6 gxf6 25. Nd3 Re8 26. Rae1 Re4 27. Nc5 Rxf4 28. Rg3+ Rg4 29. Reg1 Re8 30. Kh3 Bf1+ 31. Kh2 Re2+ 32. Qxe2 Bxe2 0-1

[Event "Francophone-ch 3rd"]
[Site "Montreal"]
[Date "2015.07.21"]
[Round "5"]
[White "Fan, Run Kun"]
[Black "Poulin, Mathieu"]
[Result "0-1"]
[WhiteElo "1734"]
[BlackElo "2005"]
[PlyCount "74"]
[EventDate "2015.07.17"]
[EventType "swiss"]
[EventRounds "9"]
[EventCountry "CAN"]
[SourceTitle "EXT 2016"]
[Source "ChessBase"]
[SourceDate "2015.10.08"]
[SourceVersion "1"]
[SourceVersionDate "2015.10.08"]
[SourceQuality "1"]

1. Nf3 d5 2. g3 c5 3. c4 Nf6 4. cxd5 Nxd5 5. Nc3 Nc6 6. Bg2 e6 7. 0-0 Be7 8. d4 Nxc3 9. bxc3 0-0 10. Rb1 Qa5 11. Qb3 Rd8 12. e3 Bd7 13. c4 Rab8 14. d5 exd5 15. cxd5 Nb4 16. a3 Na6 17. Ne5 Ba4 18. Qc4 Bf6 19. Bb2 Bb5 20. Qf4 Bxf1 21. Bxf1 Nc7 22. Nd7 Bxb2 23. Nxb8 Nxd5 24. Qf5 Qxa3 25. Nd7 Nxe3 26. fxe3 Qxe3+ 27. Kh1 Bd4 28. Bc4 Rxd7 29. Rf1 Qe7 30. Rf4 g6 31. Qg4 Qe8 32. Qf3 Re7 33. Kg2 b5 34. Bd5 Re2+ 35. Kh3 Qd7+ 36. Kh4 Rxh2+ 37. Kg5 h6# 0-1

[Event "Montreal op"]
[Site "Montreal"]
[Date "2013.09.08"]
[Round "5"]
[White "Poulin, Mathieu"]
[Black "Langlois Remillard, Alexis"]
[Result "1-0"]
[WhiteElo "2080"]
[BlackElo "1941"]
[PlyCount "55"]
[EventDate "2013.09.06"]
[EventType "swiss"]
[EventRounds "5"]
[EventCountry "CAN"]
[SourceTitle "EXT 2022"]
[Source "ChessBase"]
[SourceDate "2021.10.06"]
[SourceVersion "1"]
[SourceVersionDate "2021.10.06"]
[SourceQuality "1"]

1. d4 Nc6 2. c4 d5 3. cxd5 Qxd5 4. Nf3 Bg4 5. Nc3 Qd7 6. d5 Bxf3 7. gxf3 Ne5 8. e4 a6 9. f4 Ng6 10. f5 Nh4 11. Qg4 g5 12. Bxg5 Ng6 13. Qh5 Bg7 14. fxg6 fxg6 15. Qf3 Qd6 16. Bh3 Nf6 17. Be6 Rf8 18. Qg3 Qb4 19. 0-0 Qb6 20. Be3 c5 21. Na4 Qb4 22. Nxc5 Nxe4 23. Nxe4 Qxe4 24. Qc7 Rf6 25. Bc5 Rxe6 26. dxe6 Qxe6 27. Rae1 Be5 28. Qxe5 1-0

[Event "Quebec-ch U20"]
[Site "Montreal"]
[Date "2013.02.10"]
[Round "5"]
[White "Poulin, Mathieu"]
[Black "Kraiouchkine, Nikita"]
[Result "0-1"]
[WhiteElo "2025"]
[BlackElo "2325"]
[PlyCount "98"]
[EventDate "2013.02.08"]
[EventType "swiss"]
[EventRounds "5"]
[EventCountry "CAN"]
[SourceTitle "EXT 2022"]
[Source "ChessBase"]
[SourceDate "2021.10.06"]
[SourceVersion "1"]
[SourceVersionDate "2021.10.06"]
[SourceQuality "1"]

1. d4 Nf6 2. c4 c5 3. Nf3 cxd4 4. Nxd4 e5 5. Nb5 d5 6. cxd5 Bc5 7. e3 0-0 8. N5c3 e4 9. Nd2 Re8 10. Bb5 Bd7 11. Be2 Re5 12. Qb3 Na6 13. 0-0 Bd6 14. Nc4 Nc5 15. Qc2 Qe7 16. Nxe5 Qxe5 17. g3 Nxd5 18. Nxd5 Qxd5 19. Rd1 Qe5 20. Bd2 Bc6 21. Bc3 Qe6 22. Bd4 Nd7 23. Qc3 Ne5 24. Bxe5 Bxe5 25. Qb3 Qf6 26. Rd2 a5 27. Rad1 a4 28. Qb4 a3 29. Qxa3 Rc8 30. Qa5 g6 31. b4 Kg7 32. Bb5 Bc3 33. Rd6 Qf3 34. Bxc6 Rxc6 35. Qb5 Ra6 36. a4 h5 37. h4 Kh7 38. Qe8 Be1 39. Rxe1 Rxd6 40. Qb5 Rd2 41. Rf1 Re2 42. Qxb7 Rxe3 43. a5 Rd3 44. a6 Rd1 45. a7 Rxf1+ 46. Kxf1 Qh1+ 47. Ke2 Qf3+ 48. Ke1 Qh1+ 49. Kd2 e3+ 0-1

[Event "Montreal Pere Noel"]
[Site "Montreal"]
[Date "2012.12.30"]
[Round "5.3"]
[White "Poulin, Mathieu"]
[Black "Masse, Hugues"]
[Result "0-1"]
[WhiteElo "2015"]
[BlackElo "2201"]
[PlyCount "138"]
[EventDate "2012.12.26"]
[EventType "swiss"]
[EventRounds "5"]
[EventCountry "CAN"]
[SourceTitle "EXT 2022"]
[Source "ChessBase"]
[SourceDate "2021.10.06"]
[SourceVersion "1"]
[SourceVersionDate "2021.10.06"]
[SourceQuality "1"]

1. d4 Nf6 2. c4 g6 3. Nc3 d5 4. cxd5 Nxd5 5. e3 Bg7 6. Bc4 Nb6 7. Bd3 0-0 8. Nf3 c5 9. dxc5 N6d7 10. Ne4 Nxc5 11. Nxc5 Qa5+ 12. Bd2 Qxc5 13. Rc1 Qd6 14. Bc3 Nc6 15. 0-0 Rd8 16. Bxg7 Kxg7 17. Bc4 Qf6 18. Qc2 Bf5 19. Qc3 Qxc3 20. Rxc3 Be4 21. Ng5 Bd5 22. Bxd5 Rxd5 23. Nf3 Rad8 24. g3 e5 25. Rc4 f6 26. Kg2 Kf7 27. b4 R8d7 28. a4 Ke6 29. h4 Rd1 30. h5 Rxf1 31. Kxf1 Ne7 32. hxg6 hxg6 33. Ke2 Nd5 34. Ne1 Nb6 35. Rg4 Nxa4 36. Rxg6 Nc3+ 37. Kf1 Kf5 38. Rg8 Na2 39. Ra8 b6 40. Nc2 Rc7 41. Na3 Nxb4 42. Nb5 Rc1+ 43. Ke2 Rc2+ 44. Kf3 a6 45. g4+ Ke6 46. Rb8 axb5 47. Rxb6+ Ke7 48. Rxb5 Nd3 49. Ke4 Nc5+ 50. Kd5 Ne6 51. Rb7+ Rc7 52. Rb6 Rc5+ 53. Ke4 Rc4+ 54. Kd5 Rc5+ 55. Ke4 Rc2 56. f4 exf4 57. exf4 Rc4+ 58. Ke3 Nxf4 59. Rb5 Ne6 60. Rb7+ Rc7 61. Rb6 Kf7 62. Ke4 Rc4+ 63. Kf3 Ng5+ 64. Kg3 Rc3+ 65. Kg2 Kg6 66. Rb5 Ne4 67. Rb4 Rg3+ 68. Kh2 Rxg4 69. Kh3 Nf2+ 0-1

[Event "Montreal Pere Noel"]
[Site "Montreal"]
[Date "2012.12.29"]
[Round "4.5"]
[White "Poulin, Mathieu"]
[Black "Dumouchel, Alain"]
[Result "1-0"]
[WhiteElo "2015"]
[BlackElo "2034"]
[PlyCount "65"]
[EventDate "2012.12.26"]
[EventType "swiss"]
[EventRounds "5"]
[EventCountry "CAN"]
[SourceTitle "EXT 2022"]
[Source "ChessBase"]
[SourceDate "2021.10.06"]
[SourceVersion "1"]
[SourceVersionDate "2021.10.06"]
[SourceQuality "1"]

1. d4 d5 2. c4 e6 3. Nc3 Be7 4. Bf4 Nf6 5. e3 0-0 6. Nf3 Nbd7 7. c5 b6 8. c6 Nb8 9. Ne5 Ne4 10. Nxe4 dxe4 11. Qa4 f6 12. Nc4 a5 13. Nd2 Na6 14. Nxe4 g5 15. Bg3 f5 16. Nc3 f4 17. exf4 gxf4 18. 0-0-0 fxg3 19. hxg3 Nb4 20. f4 Qe8 21. Bd3 Nxd3+ 22. Rxd3 Qg6 23. Re3 Bb4 24. Ne4 Rd8 25. Qd1 e5 26. d5 Bg4 27. Qb3 h5 28. fxe5 Qh6 29. Nf6+ Kg7 30. Nxg4 Qg5 31. Nf6 Bc5 32. Nxh5+ Kf7 33. d6+ 1-0

[Event "Montreal Pere Noel"]
[Site "Montreal"]
[Date "2012.12.27"]
[Round "2.2"]
[White "Poulin, Mathieu"]
[Black "Leveille, Francois"]
[Result "0-1"]
[WhiteElo "2015"]
[BlackElo "2329"]
[PlyCount "118"]
[EventDate "2012.12.26"]
[EventType "swiss"]
[EventRounds "5"]
[EventCountry "CAN"]
[SourceTitle "EXT 2022"]
[Source "ChessBase"]
[SourceDate "2021.10.06"]
[SourceVersion "1"]
[SourceVersionDate "2021.10.06"]
[SourceQuality "1"]

1. d4 Nf6 2. c4 g6 3. Nc3 d5 4. cxd5 Nxd5 5. e3 Bg7 6. Bc4 Nxc3 7. bxc3 c5 8. Nf3 Qa5 9. Qb3 0-0 10. 0-0 Nc6 11. Ng5 e6 12. Ne4 Qc7 13. Be2 b6 14. Bf3 Bb7 15. Ba3 Rfd8 16. dxc5 Ne5 17. cxb6 axb6 18. Bb4 Bd5 19. Qc2 Nc6 20. a3 Nxb4 21. axb4 Rxa1 22. Rxa1 Bxe4 23. Bxe4 Qxc3 24. Rb1 f5 25. Qxc3 Bxc3 26. Bf3 e5 27. Rb3 Rc8 28. Bd5+ Kf8 29. f3 Ke7 30. Kf2 Kd6 31. e4 Bd4+ 32. Kg3 Rc2 33. Bg8 Bf2+ 34. Kh3 Rc8 35. Rd3+ Bd4 36. Bd5 g5 37. b5 Rc5 38. Bc6 f4 39. Rd2 h5 40. g4 h4 41. Kg2 Rc1 42. Bd5 Kc5 43. Bc6 Kc4 44. Ra2 Kb3 45. Bd5+ Kb4 46. Bc6 Rc3 47. Rb2+ Ka3 48. Rd2 Kb4 49. Rb2+ Kc5 50. Rd2 h3+ 51. Kxh3 Rxf3+ 52. Kg2 Rc3 53. Kf1 f3 54. Rd1 Rc2 55. Ke1 Re2+ 56. Kf1 Rxh2 57. Ke1 Be3 58. Rd5+ Kc4 59. Kd1 Kc3 0-1

[Event "Montreal-ch op"]
[Site "Montreal"]
[Date "2012.09.09"]
[Round "5"]
[White "Le Duin, Thierry"]
[Black "Poulin, Mathieu"]
[Result "1/2-1/2"]
[WhiteElo "2097"]
[BlackElo "2057"]
[PlyCount "34"]
[EventDate "2012.09.07"]
[EventType "swiss"]
[EventRounds "5"]
[EventCountry "CAN"]
[SourceTitle "EXT 2013"]
[Source "ChessBase"]
[SourceDate "2012.11.22"]
[SourceVersion "1"]
[SourceVersionDate "2012.11.22"]
[SourceQuality "1"]

1. d4 d5 2. Nf3 Nf6 3. c3 e6 4. Bg5 Nbd7 5. e3 Bd6 6. Nbd2 c6 7. Bd3 Qc7 8. 0-0 0-0 9. Rc1 b6 10. Qc2 h6 11. Bh4 Bb7 12. Qb1 e5 13. dxe5 Nxe5 14. Nxe5 Bxe5 15. Nf3 Ne4 16. Nxe5 Qxe5 17. Qc2 Qh5 1/2-1/2

[Event "Montreal-ch op"]
[Site "Montreal"]
[Date "2012.09.09"]
[Round "4"]
[White "Poulin, Mathieu"]
[Black "Zhang, Yuanchen"]
[Result "1/2-1/2"]
[WhiteElo "2057"]
[BlackElo "1935"]
[PlyCount "100"]
[EventDate "2012.09.07"]
[EventType "swiss"]
[EventRounds "5"]
[EventCountry "CAN"]
[SourceTitle "EXT 2013"]
[Source "ChessBase"]
[SourceDate "2012.11.22"]
[SourceVersion "1"]
[SourceVersionDate "2012.11.22"]
[SourceQuality "1"]

1. d4 Nf6 2. c4 e6 3. Nc3 Bb4 4. Qc2 0-0 5. a3 Bxc3+ 6. Qxc3 b6 7. Bg5 Bb7 8. Nf3 d6 9. e3 Nbd7 10. Bd3 c5 11. Qc2 h6 12. Bh4 Rc8 13. Qe2 cxd4 14. exd4 Re8 15. 0-0 e5 16. dxe5 Nxe5 17. Nxe5 Rxe5 18. Qd2 d5 19. Qf4 Qe7 20. Bxf6 Qxf6 21. Qxf6 gxf6 22. cxd5 Bxd5 23. Rac1 Rxc1 24. Rxc1 Be4 25. Bxe4 Rxe4 26. Kf1 Re7 27. Rc4 Kg7 28. f3 f5 29. Kf2 Kf6 30. Rc6+ Kg7 31. a4 Rd7 32. Ke3 f4+ 33. Ke2 Rd4 34. b3 Rb4 35. Rc3 Kf6 36. Rd3 Ke5 37. g3 h5 38. Kd2 a5 39. Kc3 fxg3 40. hxg3 f5 41. f4+ Ke4 42. Rd6 Kf3 43. Rg6 b5 44. axb5 Rxb5 45. Rg5 h4 46. gxh4 Kxf4 47. Rg1 Ke3 48. Rg3+ Kf4 49. Rg1 Ke3 50. Rg3+ Kf4 1/2-1/2

[Event "Trois-Rivieres Mauricie op"]
[Site "Trois Rivieres"]
[Date "2012.03.17"]
[Round "2"]
[White "Poulin, Mathieu"]
[Black "Kraiouchkine, Nikita"]
[Result "0-1"]
[WhiteElo "2015"]
[BlackElo "2327"]
[PlyCount "82"]
[EventDate "2012.03.16"]
[EventType "swiss"]
[EventRounds "5"]
[EventCountry "CAN"]
[SourceTitle "EXT 2022"]
[Source "ChessBase"]
[SourceDate "2021.10.06"]
[SourceVersion "1"]
[SourceVersionDate "2021.10.06"]
[SourceQuality "1"]

1. d4 Nf6 2. c4 c5 3. Nf3 g6 4. Nc3 cxd4 5. Nxd4 Bg7 6. e4 Nc6 7. Be3 Ng4 8. Qxg4 Nxd4 9. Qd1 Nc6 10. Qd2 h5 11. Be2 d6 12. 0-0 Bd7 13. f4 Rc8 14. f5 gxf5 15. exf5 Qa5 16. Qd1 Qe5 17. Nd5 Bxf5 18. Bxh5 Be6 19. g4 Rxh5 20. gxh5 Bxd5 21. cxd5 Qxe3+ 22. Kh1 Qe4+ 23. Qf3 Qxf3+ 24. Rxf3 Nd4 25. Rg3 Bh6 26. Rg8+ Kd7 27. Rxc8 Kxc8 28. Re1 Nf5 29. Rf1 e6 30. dxe6 fxe6 31. Kg1 Kd7 32. Kf2 e5 33. Ke2 Ke6 34. Rg1 e4 35. Rg8 Ke5 36. Re8+ Kf4 37. Rd8 Bg5 38. Rd7 e3 39. h4 Nd4+ 40. Kd3 e2 41. Kxd4 Bf6+ 0-1

[Event "Montreal op 91st"]
[Site "Montreal"]
[Date "2011.09.10"]
[Round "3"]
[White "Poulin, Mathieu"]
[Black "Luo, Zhao Yang"]
[Result "1-0"]
[WhiteElo "2051"]
[BlackElo "1918"]
[PlyCount "71"]
[EventDate "2011.09.09"]
[EventType "swiss"]
[EventRounds "5"]
[EventCountry "CAN"]
[SourceTitle "CBM 144 Extra"]
[Source "ChessBase"]
[SourceDate "2011.10.28"]
[SourceVersion "1"]
[SourceVersionDate "2011.10.28"]
[SourceQuality "1"]

1. d4 Nf6 2. c4 g6 3. Nc3 Bg7 4. e4 d6 5. f3 0-0 6. Be3 Nbd7 7. Qd2 c5 8. Nge2 Nb6 9. b3 Nbd7 10. Rc1 a6 11. g3 Rb8 12. a4 Qa5 13. Bg2 cxd4 14. Nxd4 Nc5 15. 0-0 e5 16. b4 Qxb4 17. Nc2 Qb6 18. Nd5 Nxd5 19. cxd5 Qc7 20. Na3 b6 21. a5 Qe7 22. axb6 Nb3 23. Qb4 Nxc1 24. Rxc1 Rd8 25. Rc7 Rd7 26. Rc6 Bb7 27. Bh3 Rdd8 28. Nc4 Bf8 29. Rc7 Qf6 30. Kg2 Bc8 31. Bxc8 Rdxc8 32. Rxc8 Rxc8 33. b7 Rb8 34. Ba7 Qd8 35. Bxb8 Qxb8 36. Na5 1-0

[Event "Quebec-ch U20"]
[Site "Montreal"]
[Date "2011.02.11"]
[Round "1"]
[White "Chang, Michael"]
[Black "Poulin, Mathieu"]
[Result "1-0"]
[WhiteElo "1538"]
[BlackElo "2032"]
[PlyCount "105"]
[EventDate "2011.02.11"]
[EventType "swiss"]
[EventRounds "5"]
[EventCountry "CAN"]
[SourceTitle "EXT 2013"]
[Source "ChessBase"]
[SourceDate "2012.11.22"]
[SourceVersion "1"]
[SourceVersionDate "2012.11.22"]
[SourceQuality "1"]

1. e4 c6 2. d4 d5 3. Nc3 dxe4 4. Nxe4 Bf5 5. Ng3 Bg6 6. h4 h6 7. Nf3 Nd7 8. Bd3 Bxd3 9. Qxd3 e6 10. Bf4 Qa5+ 11. Bd2 Qc7 12. 0-0-0 Ngf6 13. c4 0-0-0 14. Bc3 c5 15. Qe2 cxd4 16. Nxd4 a6 17. Kb1 Nc5 18. Nf3 Bd6 19. Be5 Ne8 20. Rd2 Nd7 21. Bxd6 Nxd6 22. Rc1 Kb8 23. b4 Rc8 24. c5 Nb5 25. a4 Na7 26. Ne4 Nf6 27. Nd6 Rcd8 28. Ne5 Rhf8 29. b5 axb5 30. axb5 Nc8 31. b6 Nxb6 32. Rb2 Rxd6 33. cxd6 Qxd6 34. Qb5 Nfd5 35. Nc4 Qc7 36. Nxb6 Nc3+ 37. Rxc3 Qxc3 38. Nd7+ Kc7 39. Rc2 Qxc2+ 40. Kxc2 Rc8 41. Kb2 Kd6 42. Nb6 Rc6 43. f4 g6 44. Nc4+ Kc7 45. Qe5+ Kd7 46. Qd4+ Ke7 47. Ne5 Rc7 48. Kb3 h5 49. Nc4 Rc6 50. Ne5 Rc7 51. Kb4 Ke8 52. Qd6 Re7 53. Qb8# 1-0

[Event "Quebec-ch Elite"]
[Site "Montreal"]
[Date "2010.10.11"]
[Round "6"]
[White "Gagnon, Serge"]
[Black "Poulin, Mathieu"]
[Result "0-1"]
[WhiteElo "2129"]
[BlackElo "2048"]
[PlyCount "126"]
[EventDate "2010.10.08"]
[EventType "swiss"]
[EventRounds "7"]
[EventCountry "CAN"]
[SourceTitle "EXT 2013"]
[Source "ChessBase"]
[SourceDate "2012.11.22"]
[SourceVersion "1"]
[SourceVersionDate "2012.11.22"]
[SourceQuality "1"]

1. d4 Nf6 2. c4 e6 3. Nc3 d5 4. Nf3 Be7 5. Bg5 h6 6. Bh4 0-0 7. e3 b6 8. cxd5 Nxd5 9. Bxe7 Nxe7 10. Bb5 Nd7 11. 0-0 c6 12. Bc4 c5 13. dxc5 Nxc5 14. b4 Ba6 15. Qe2 Bxc4 16. Qxc4 Qd3 17. Qxd3 Nxd3 18. a3 Rac8 19. Ne2 Rfd8 20. Ra2 Nc6 21. b5 Na5 22. h3 e5 23. Rd1 Nb3 24. g4 f6 25. Ne1 Nxe1 26. Rxe1 Rd3 27. Kg2 Kf7 28. Kg3 Ke6 29. a4 Rc4 30. h4 g6 31. Rh1 f5 32. gxf5+ gxf5 33. Kg2 Rg4+ 34. Kh3 Nd4 35. Nxd4+ exd4 36. Re1 dxe3 37. Rxe3+ Rxe3+ 38. fxe3 Ke5 39. a5 Rb4 40. axb6 axb6 41. Ra8 Rxb5 42. Rh8 Ke4 43. Rxh6 Kxe3 44. Rc6 Rb3 45. Kg3 Ke4+ 46. Kf2 f4 47. Re6+ Kf5 48. Re8 Kg4 49. Rf8 Rb2+ 50. Ke1 Rb4 51. Kf2 Rb2+ 52. Ke1 Kf3 53. h5 Rb1+ 54. Kd2 Rh1 55. Rb8 Rxh5 56. Rxb6 Kf2 57. Rd6 f3 58. Kd1 Kf1 59. Rd8 f2 60. Kd2 Rg5 61. Ke3 Ke1 62. Ra8 Rg3+ 63. Kf4 Rd3 0-1